000 00659nam a22001577a 4500
003 OSt
005 20151106140932.0
008 151106b xxu||||| |||| 00| 0 eng d
040 _cRUA
082 _aFOR LIM 2000 B126 Or.1
100 _93447
_aLIM, BUNNA.
245 _aConcept on the restoration and development of forest resources in kratie district province, ទស្សនៈទានលើការស្តារ និងអភិវឌ្ឍន៍ធនធានព្រៃឈើក្នុងស្រុកក្រចេះ ខេត្តក្រចេះ
260 _aPhnom Penh
_bRUA
_c2000
300 _a61p.
_bill.
_c29cm.
942 _2ddc
_cFOR
999 _c3216
_d3216